Les compositions de... Michael Jackson - Statistiques

Statistiques générales
  • Ce quiz a été pris 239 fois
  • Le résultat moyen est 16 sur 63
Statistiques - réponses
Album Interprète Titre % Correct
Bad Michael Jackson Bad
96%
Thriller Michael Jackson Billie Jean
82%
Thriller Michael Jackson Beat It
74%
Bad Michael Jackson Smooth Criminal
68%
Dangerous Michael Jackson Dangerous
62%
Dangerous Michael Jackson Black or White
54%
Bad Michael Jackson Dirty Diana
51%
We Are the World USA for Africa We Are the World
48%
Ø Artists for Haiti We Are the World 25 for Haiti
48%
HIStory Michael Jackson They Don't Care About Us
45%
Dangerous Michael Jackson Heal the World
44%
Dangerous Michael Jackson Remember the Time
43%
Blood on the Dance Floor Michael Jackson Blood on the Dance Floor
42%
HIStory Michael Jackson Scream/Childhood
42%
HIStory Michael Jackson Earth Song
41%
Thriller Michael Jackson ft. Paul McCartney The Girl is Mine
41%
Bad Michael Jackson The Way You Make Me Feel
40%
Pipes of Peace Paul McCartney ft. Michael Jackson Say Say Say
39%
Dangerous Michael Jackson Jam
38%
HIStory Michael Jackson HIStory/Ghosts
37%
Bad Michael Jackson Leave me Alone
37%
Bad Michael Jackson Liberian Girl
36%
Bad Michael Jackson ft. Siedah Garrett I Just Can't Stop Loving You
33%
Invincible Michael Jackson You Rock My World
32%
Thriller Michael Jackson Wanna Be Startin' Somethin'
31%
Dangerous Michael Jackson Who Is It
31%
Dangerous Michael Jackson In the Closet
27%
Xscape (posthume) Michael Jackson ft. Justin Timberlake Love Never Felt so Good
27%
Bad Michael Jackson Speed Demon
27%
Bad Michael Jackson Another Part of Me
23%
HIStory Michael Jackson Stranger in Moscow
23%
This Is It (posthume) Michael Jackson This Is It
23%
Off The Wall Michael Jackson Don't Stop 'Til You Get Enough
19%
Dangerous Michael Jackson Will you Be There
18%
Blood on the Dance Floor Michael Jackson Morphine
17%
Dangerous Michael Jackson Give in to Me
14%
Triumph The Jacksons Can you Feel it
11%
Invincible Michael Jackson Unbreakable
11%
Dangerous Michael Jackson She Drives Me Wild
9%
Invincible Michael Jackson Speechless
9%
Xscape (posthume) Michael Jackson A place with No Name
8%
HIStory Michael Jackson D.S.
8%
Michael (posthume) Michael Jackson Hollywood Tonight
8%
Blood on the Dance Floor Michael Jackson Is it Scary
8%
HIStory Michael Jackson ft. Markita Prescott Little Susie
6%
Victory The Jacksons ft. Mick Jagger State of Shock
6%
Ø Barry Gibb ft. Michael Jackson All in Your Name
5%
Destiny The Jacksons Shake Your Body
5%
HIStory Michael Jackson ft. The Notorious B.I.G. This Time Around
5%
Michael (posthume) Michael Jackson Behind the Mask
4%
Good Girl Gone Bad Rihanna Don't Stop the Music
4%
"Weird Al" Yankovic in 3-D Weird Al Yankovic Eat It
3%
Michael (posthume) Michael Jackson Breaking News
2%
Thriller 25 (Japon) ou King of Pop (France) Michael Jackson Got the Hots
2%
Triumph The Jacksons Lovely one
2%
Triumph The Jacksons This Place Hotel
2%
The Simpsons Sing the Blues Nancy Cartwright Do the Bartman
1%
Ø Weird Al Yankovic Fat
1%
Fabulous The Tamperer ft. Maya Feel It
1%
Triumph The Jacksons Walk Right Now
1%
Ø Supergroupe What More Can I Give / Todo Para Ti
1%
To Pimp a Butterfly Kendrick Lamar King Kunta
0%
La Toya Jackson La Toya Jackson ft. Michael Jackson Night Time Lover
0%
Aucun quiz correspondant
Distribution des résultats
% des personnes avec chaque résultat
Percentile par nombre de réponses
Votre historique - résultats
Vous n’avez pas pris ce quiz